01011cam a2200229 a 450000100100000000500170001000800410002702000150006804000250008308200210010810000320012924501060016126000360026730000350030350400390033865000610037765000490043870000340048771001180052195201250063999900170076400001385220200929163355.0840215s1983 ck a b f001 0 spa  a9586000087 aDO-SdBNPbspadBNPHU a338.90068bS241s1 aSapag Chain, Nassir.93137810aFundamentos de preparación y evaluación de proyectos /cNassir Sapag Chain, Reinaldo Sapag Chain. aBogotá :bMcGraw-Hill,c1983. axviii, 438 p. :bil. ;c24 cm. aIncluye bibliografía e índice. 4aProyecto de desarrollo económicoxEvaluación.931379 4aInversiones de capitalxEvaluación.9313801 aSapag Chain, Reinaldo.9313812 aUniversidad de Chile.bFacultad de Ciencias Economicas y Administrativas.bDepartamento de Administracion.931382 001052708MOaGRbGRcCTd2009-11-30iLF1l0o338.90068 S241sp13852-10r2020-06-25w2020-06-25y2ZPréstamo interno c13462d13462